Historia Cýrkewnj Eusebia přigmjm Pamffila Biskupa Cesarienského w Palestýnĕ, na Knihy Desatery rozdĕlená. Téhož Eusebia Pamffila, o žiwotu Neyswĕtĕgssjho Cýsaře Konstantýna Welikého, Knihy čtwery. Nynj w nowĕ z řeči Latinské w Cžeskau s pilnostj přeložená Od Jana Kocýna z Kocynétu, Přednjho Pjsaře Radnjho w Menssjm Mĕstĕ Pražském

Bibliographic Details
Main Author: Eusebius Pamphilus, asi 260-asi 340 (Author)
Other Authors: Karolides z Karlsberku, Jiří, 1569-1612 (Contributor), Adam z Veleslavína, Daniel, 1546-1599 (Author of introduction, etc., Printer), Kocýn z Kocynéthu, Jan (Dedicator), Alginus, Daniel (Contributor)
Format: Book
Language:Czech
Latin
PhysicalDescription:[12], 394, [12] s. fol. 34 x 23 cm
Published: W Starém Mĕstĕ Pražském wytisstěná pracý a nákladem v M. Danyele Adama z Weleslawjna Léta poslednjho wĕku M.D.XCIIII. [=1594]
Subjects:

MARC

LEADER 00000nam a2200000 a 4500
001 vtls011711819
003 SK-MaSNL
005 20260301094641.0
008 200612t1594 xr a 000 0 cze
015 |a SNBHFA1594 
035 |a D735ACC7-C3FD-4AA2-8B8B-26385FF4514F 
035 |a urn:nbn:sk:snk-am3h4e6 
035 |a urn:nbn:sk:snk-am00cnaq 
040 |a SNKHF  |b slo  |c SNK  |e AACR2 
041 1 |a cze  |h lat 
044 |a xr  |c CZ 
080 |a 27-9  |2 2011 
100 0 |a Eusebius Pamphilus,  |d asi 260-asi 340  |4 aut  |9 127532 
245 1 0 |a Historia Cýrkewnj Eusebia přigmjm Pamffila Biskupa Cesarienského w Palestýnĕ, na Knihy Desatery rozdĕlená. Téhož Eusebia Pamffila, o žiwotu Neyswĕtĕgssjho Cýsaře Konstantýna Welikého, Knihy čtwery. Nynj w nowĕ z řeči Latinské w Cžeskau s pilnostj přeložená Od Jana Kocýna z Kocynétu, Přednjho Pjsaře Radnjho w Menssjm Mĕstĕ Pražském 
260 |a W Starém Mĕstĕ Pražském  |b wytisstěná pracý a nákladem v M. Danyele Adama z Weleslawjna  |c Léta poslednjho wĕku M.D.XCIIII. [=1594] 
300 |a [12], 394, [12] s.  |c fol.  |c 34 x 23 cm 
500 |a Signet, vinety, vlysy, linky, iniciálky s ornamentálnym pozadím vo voľnom priestore na 3, 4, 6 r., titulný list s červeno-čiernou tlačou, rubriky, erb Rožmbergovcov, marginálie, typografické ozdoby, kustódy 
501 |a Príväzok 1.: CASSIODORUS, Flavius Magnus Aurelius Senator. Historia Cýrkewnij. W Starém Mĕstĕ Pražském : Daniel Adam z Veleslavína, 1594, fol.  |5 SNK IB 73384 
508 |a Ded.: Kocýn z Kocynéthu, Jan; Vok, Petr z Rožmberka; pref.: Adam z Veleslavína, Daniel; príl. b.: Karolides z Karlsberka, Jiří 
510 4 |a Knihopis 2390 
510 4 |a GK I/674; GK III/ 799 
550 |a Impresorské údaje zopakované v kolofóne 
561 |a Proveniencia: pečiatka Dr. E. Kadarász - ver. not. poz. Margity Zayovej Čís. 915. - na predsádke báseň: Commemoratio Dulcissimae Faustissimi Natalis Humanissimo et Clarissimo Domino Iohanni Zivnustka Dacziceno, civi olim Antiquae Urbis Pragensis meritiss: Exuli Christi constantiss: Dn: Patrono singulari, in ipso Anni 1632 [...] oblata et decantata a M. Daniele Algino Bobrovino.  |5 SNK IB 73384 
563 |a Väzba: neskororenesančná, tmavohnedá koža s linkovou a zlatorezovou slepotlačovou výzdobou, stopy po sponách.  |5 SNK IB 73384 
650 0 7 |a cirkevné dejiny  |2 SNKPH  |9 3909 
700 1 |a Zaiová, Margita,  |d 1868-1937  |4 own  |9 186369 
700 1 |a Kadarász, Ernest  |4 oth  |9 302455 
700 2 |a Karolides z Karlsberku, Jiří,  |d 1569-1612  |4 ctb  |9 128577 
700 1 |a Adam z Veleslavína, Daniel,  |d 1546-1599  |4 aui  |4 prt  |9 104646 
700 1 |a Vok, Petr z Rožmberka  |4 hnr  |9 428776 
700 1 |a Kocýn z Kocynéthu, Jan  |4 dto  |9 349587 
700 1 |a Alginus, Daniel,  |4 ctb  |9 428777 
700 1 |a Živnustka, Jan  |4 own  |4 hnr  |9 428778 
752 |a Praha  |d Česko 
852 |a SNK  |b Zaiova knižnica: Zay M 940  |p IB 73384 
958 |a ONDV 
999 |c 680906  |d 682836 
952 |t Zay 940  |a SNK  |b SNK  |c SNK_HF  |y PREZ  |7 0  |p 17A1298832  |o snkIB 73384  |i snk2017/20551  |8 5  |z Príväzok: 0-1  |0 0  |1 0  |4 0  |d 2017-09-22  |f 1  |l 0  |r 2026-02-23 19:56:18  |w 2026-02-23